Auxiliary xylanolytic enzymes
Guardado en:
| Autor principal: | |
|---|---|
| Otros Autores: | |
| Formato: | Manuscrito Libro |
| Lenguaje: | eslovaco inglés |
| Publicado: |
2025
|
| Materias: | |
| Acceso en línea: | http://is.stuba.sk/zp/portal_zp.pl?podrobnosti=172624 |
| Etiquetas: |
Sin Etiquetas, Sea el primero en etiquetar este registro!
|
MARC
| LEADER | 00000ntm a22000003a 4500 | ||
|---|---|---|---|
| 001 | stuzp87033 | ||
| 003 | SK-STU | ||
| 005 | 20250830210442.1 | ||
| 007 | ta | ||
| 008 | 150427s2015----xo-----f-mn---000-0-slo-d | ||
| 040 | |a STU |b slo | ||
| 041 | 0 | |a eng | |
| 100 | 1 | |a Fathallah Saad Mohammed Moussa, Walid |u 044000 |4 aut |U FCHPT Fakulta chemickej a potravinárskej technológie |T FCHPT Ústav biotechnológie |X 117678 |U C4000 |Y 102 |7 117678 | |
| 242 | 0 | 1 | |a Pomocné xylánolytické enzýmy |y slo |
| 245 | 1 | 0 | |a Auxiliary xylanolytic enzymes |
| 260 | |c 2025 | ||
| 650 | 4 | |a klasifikácia podľa CAZy |2 slo | |
| 650 | 4 | |a α-L-arabinofuranozidáza |2 slo | |
| 650 | 4 | |a arabinoxylán |2 slo | |
| 650 | 4 | |a arabinán |2 slo | |
| 650 | 4 | |a substrátová špecificita |2 slo | |
| 650 | 4 | |a pozičná špecificita |2 slo | |
| 650 | 4 | |a arabinoxylan |2 eng | |
| 650 | 4 | |a CAZy classification |2 eng | |
| 650 | 4 | |a α-L-arabinofuranosidase |2 eng | |
| 650 | 4 | |a arabinan |2 eng | |
| 650 | 4 | |a substrate specificity |2 eng | |
| 650 | 4 | |a positional specificity |2 eng | |
| 700 | 1 | |a Puchart, Vladimír |4 ths |X 71061 |7 71061 | |
| 856 | 4 | |u http://is.stuba.sk/zp/portal_zp.pl?podrobnosti=172624 | |